GWP Slovensko - národné partnerstvo pre vodu

GWP Slovensko - Národné partnerstvo pre vodu - vzniklo v súlade so stratégiou Globálneho partnerstva pre vodu v roku 2004 so sídlom na SHMÚ v Bratislave. Princípy a doterajšia činnosť GWP Slovensko.

Guardado en:
Detalles Bibliográficos
Autor principal: Makeľ, Michal
Formato: Capítulo de libro
Lenguaje:eslovaco
Materias:
Etiquetas: Agregar Etiqueta
Sin Etiquetas, Sea el primero en etiquetar este registro!

MARC

LEADER 00000naa$a2200000$$$4500
001 0050062
005 20230720094220.4
041 0 |a slo 
044 |a SK 
245 1 0 |a GWP Slovensko - národné partnerstvo pre vodu  |c Michal Makeľ 
520 |a GWP Slovensko - Národné partnerstvo pre vodu - vzniklo v súlade so stratégiou Globálneho partnerstva pre vodu v roku 2004 so sídlom na SHMÚ v Bratislave. Princípy a doterajšia činnosť GWP Slovensko. 
610 2 0 |a voda 
610 2 0 |a zdroje vodné 
610 2 0 |a riadenie 
610 2 0 |a ochrana vody 
610 2 0 |a Slovensko 
610 2 0 |a organizácie 
100 1 |a Makeľ, Michal